000 01804cam a22004574i 4500
003 PE-LiUPU
005 20250731173353.0
008 150616s r 000 0 d
035 _a(Sirsi) a488
040 _aPE-LiUPU
_bspa
_cPE-LiUPU
_erda
049 _aPRUA
082 0 4 _a266.02
_bM52
_221
100 1 _aMcIntosh B., Estuardo,
_eautor.
245 1 0 _aIntroducción a la misiología Latino Americana /
_cEstuardo McIntosh B.
264 1 _aLima :
_bPusel,
_c1986.
300 _a122 páginas ;
_c20 cm
336 _atext
_2rdacontent
337 _aunmediated
_2rdamedia
338 _avolume
_2rdacarrier
504 _aIncluye bibliografía.
505 0 _aLa misiología ¿qué es? -- La misión ¿qué es? -- El misionero ¿quién es? -- Misión en el Nuevo Testamento -- Misión en el Perú -- Misión urbana -- Misión rural campesina -- Misión autóctona -- Misión y cultura -- Misión y religiosidad popular -- Misión e iglesia -- Misión y macrología -- Misión para el tercer milenio -- Misión y su participación.
526 _aSEG42
526 _aSEG41
526 _aSEG40
526 _aSEG39
526 _aP94
526 _aP87
526 _aP86
526 _aP85
526 _aP77
526 _aP76
526 _aP35
650 0 4 _aMisiones
_zLatinoamérica
_xHistoria.
910 _ajck
_bjvq
_cjck
942 _2ddc
_cBOOK
949 _a266.02 M52
_wDEWEY
_c1
_i26147
_lCCODEBUL1
_mBUL
_p00.00
_r0
_sY
_tBOOK
_u19860813
_xTEOLOGIA
_zUNKNOWN
_0COMPRA
_o.STAFF. Colección General
994 _aC0
_bPEPRU
596 _a1
999 _a266.02 M52
_wDEWEY
_c51076
_i26147
_d51076
_f2021-11-10
_g5
_lCCODEBUL1
_mBUL
_q1
_r0
_sY
_tBOOK
_u2015-6-16
_xTEOLOGIA
_zUNKNOWN
_0COMPRA
_o.STAFF. Colección General
980 _81
_gALBERTO SANCHEZ Responsable de Automatización